| 000 | 01058nas a2200289 4500 | ||
|---|---|---|---|
| 001 | BR2013004601 | ||
| 003 | BR-BrBNA | ||
| 005 | 20231205122500.0 | ||
| 007 | ta | ||
| 008 | 230509b bl.|||p| |||| 00| 00por d | ||
| 040 |
_aBR-BrBNA _bpor _cBiblioteca Nacional de Agricultura |
||
| 041 | _a(Pt) | ||
| 072 | _aK10 | ||
| 100 | 1 | _aSouza, M.C.S. de | |
| 100 | 1 | _aPiña-Rodrigues, F.C.M. | |
| 100 | 1 | _a | |
| 100 | 1 | _a | |
| 245 | 1 | _aDesenvolvimento de espécies arbóreas em sistemas agroflorestais para recuperação de áreas degradadas na floresta ombrófila densa, Paraty, RJ | |
| 246 | 1 | _aEvalution of forest species in agroforestry systems applied to restoration of degraded areas at mbrophylous forest, Paraty, Brazil | |
| 650 | _aSILVICULTURA | ||
| 650 | _aMATA CILIAR | ||
| 650 | _aREGENERAÇÃO | ||
| 773 | 0 |
_tRevista Árvore (Brazil) _xISSN 0100-6762 _g(Jan-Feb 2013), v. 37(1) p. 89-98 _wBR2013004601 |
|
| 856 | 4 | 0 | _uhttp://www.scielo.br/pdf/rarv/v37n1/v37n1a10.pdf |
| 909 |
_a202311 _bLúcia _c55 _dLúcia Elande |
||
| 942 |
_2AGRIS _n0 _cANA |
||
| 999 |
_c228872 _d228872 |
||